000 00396nam a22001697a 4500
005 20260408155002.0
008 160614b xxu||||| |||| 00| 0 eng d
020 _a0-7619-9525-0
041 _aeng
082 _a658.8
100 _aKapoor, Jagdeep
_91508
245 _aBrand Mantras
260 _aNew Delhi
_bResponse Books,
_c2001
300 _a111
650 _amarketing
_98960
942 _cBK
999 _c2582
_d2581